000 01121nam0a22003131 4500
001 rc\3322434
005 20250609212247.0
021 _aRU
_b[71-8203]
035 _a(NLR Aleph) 007509329
090 _a7690685
_c7690685
100 _a20130115d1971 |||y0rusy50 ca
101 0 _arus
102 _aRU
105 _aa z |||||
200 1 _aЭлектричество облаков
210 _aЛенинград
_cГидрометеоиздат
_d1971
215 _a93 с.
_cчерт.
_d21
300 _aПеред загл. авт.: И.М. Имянитов, Е.В. Чубарина, Я.М. Шварц
320 _aБиблиогр.: с. 86-92 (181 назв.)
606 _aОблака
_xФизика
_2psbo
606 _aАтмосферное электричество
_2psbo
700 1 _aИмянитов
_bИ.М.
_gИлья Моисеевич
701 1 _aЧубарина
_bЕ.В.
_gЕвгения Владимировна
701 1 _aШварц
_bЯ.М.
_gЯков Михайлович
801 0 _aRU
_bNLR
_gpsbo
801 1 _aRU
_bELAR
_2rusmarc
852 _aNLR
_j71-6/880
942 _cBOOK
980 _aNB